| 000 | 00973nas a2200301 4500 | ||
|---|---|---|---|
| 001 | BR2017002490 | ||
| 003 | BR-BrBNA | ||
| 005 | 20231205131101.0 | ||
| 007 | ta | ||
| 008 | 230509b bl.|||p| |||| 00| 00por d | ||
| 040 |
_aBR-BrBNA _bpor _cBiblioteca Nacional de Agricultura |
||
| 041 | _a(En) | ||
| 072 | _aF01 | ||
| 100 | 1 | _aCarvalho-Zanão, M.P. | |
| 100 | 1 | _aVilla, F. | |
| 100 | 1 | _aTsutsumi, C.Y. | |
| 100 | 1 | _aPereira, N. | |
| 245 | 1 | _aProduction of gladiolus submitted to gibberellic acid in a protected environment | |
| 650 | _aGLADÍOLO | ||
| 650 | _aFLOR PARA CORTE | ||
| 650 | _aÁCIDO GIBERÉLICO | ||
| 650 | _aREGULADOR DE CRESCIMENTO | ||
| 650 | _aCULTIVO PROTEGIDO | ||
| 773 | 0 |
_tPesquisa Agropecuária Tropical (Brazil) _xISSN 1983-4063 _g(Oct-Dec 2016), v. 46(4) p. 450-457 _wBR2017002490 |
|
| 856 | 4 | 0 | _uhttp://www.scielo.br/pdf/pat/v46n4/1983-4063-pat-46-04-0450.pdf |
| 909 |
_a202311 _bLúcia _c55 _dLúcia Elande |
||
| 942 |
_2AGRIS _n0 _cANA |
||
| 999 |
_c252936 _d252936 |
||